Πρωτόγονη θρησκεία

Αποθηκεύτηκε σε:
Λεπτομέρειες βιβλιογραφικής εγγραφής
Κύριος συγγραφέας: Radin, Paul 1883-1959
Άλλοι συγγραφείς: Παχύδης, Κώστας (Μεταφραστής)
Μορφή: Βιβλίο
Γλώσσα:Greek
English
Δημοσίευση: Αθήνα : Ιάμβλιχος, 2006.
Θέματα:
Ετικέτες: Προσθήκη ετικέτας
Δεν υπάρχουν, Καταχωρήστε ετικέτα πρώτοι!

MARC

LEADER 00000cam a2200000 i 4500
001 1/93012
008 080902s2006 gr | ||| |||| ||gre||
020 |a 9602681837 
035 |l 10099837 
040 |a GR-MY-UA  |b gre  |e aacr 
041 1 |a gre  |h eng 
082 7 |a 306.6   |2 (22) 
100 1 |a Radin, Paul  |d 1883-1959. 
245 1 0 |a Πρωτόγονη θρησκεία /   |c Paul Radin ; μετάφραση: Κώστας Παχύδης.  
246 3 4 |a Πρωτόγονη θρησκεία ;   |b ο ρόλος του μάγου-γιατρού στις πρωτόγονες κοινωνίες.  
260 |a Αθήνα :   |b Ιάμβλιχος,   |c 2006.  
300 |a 420 σ. ;   |c 21 εκ.  
500 |a Μετάφραση του: Primitive religion 
504 |a Περιέχει βιβλιογραφικές παραπομπές.  
650 0 0 |a Religion and sociology. 
700 1 |a Παχύδης, Κώστας,  |e trl 
852 |a INST  |b LESVOS  |e 20080902  |h 306.6 RAD  |p 005100043000  |q 005100043000  |t BK  |y 0 
901 |a BIBL1-2008-3 
909 |a Λ  |b 146128 
922 |a 1ΕΛΗ  |b 200802  |c ΕΠΕΑΕΚ2/ΤΚΑ  |d Σ. ΠΑΤΑΚΗΣ 
970 |a ΚΑΡΑ  |b ΓΙΑΣΕΜΗ  |z 2008/09/02